000 00407nam a22001697a 4500
003 SGT
020 _a9781118439937
082 _a611.8
_bE16C
100 _aCHAMPNEY, THOMAS H.
245 _aESSENTIAL CLINICAL NEUROANATOMY
250 _a1ST
260 _aU.K.
_bWILEY BLACKWELL PUB.
_c2016
300 _a311
650 _aHUMAN ANATOMY
653 _aESSENTIAL CLINICAL NEUROANATOMY
942 _2ddc
_cBK
999 _c23759
_d23759